The United States and China

Salvato in:
Dettagli Bibliografici
Autore principale: John King Fairbank (1907-
Natura: Libro
Lingua:Undetermined
Pubblicazione: Cambridge, Massachusetts Harvard Univ 1983
Soggetti:
Tags: Aggiungi Tag
Nessun Tag, puoi essere il primo ad aggiungerne! !
Thư viện lưu trữ: Trung tâm Học liệu Trường Đại học Cần Thơ
LEADER 00553nam a2200181Ia 4500
001 CTU_18499
008 210402s9999 xx 000 0 und d
082 |a 327.51073 
082 |b F164 
100 |a John King Fairbank (1907- 
245 4 |a The United States and China 
245 0 |c John King Fairbank (1907- 
260 |a Cambridge, Massachusetts 
260 |b Harvard Univ 
260 |c 1983 
650 |a china - foreign relations - united states,china - history 
904 |i Minh, 970917 
980 |a Trung tâm Học liệu Trường Đại học Cần Thơ